000 00825nam a2200253Ia 4500
003 OSt
005 20220927110500.0
006 a|||||r|||| 00| 0
007 ta
008 220926b |||||||| |||| 00| 0 eng d
024 _a105737
037 _cReports
040 _aRTL
_cRTL
_beng
041 _2eng
_aeng
082 _a"X9(J:24):3.2.N59t, K0"
110 _aGovt of India. Fertiliser Distribution Enquiry (Committee on--) 1959. Chairman: J S Patel
_9378720
245 0 _aReport
260 _aDelhi
_bManager of Publication India
_c1960
300 _a122p.
_ccm.
650 _aSoil Industry
700 _aGovt of India. Fertiliser Distribution Enquiry (Committee on--) 1959. Chairman: J S Patel
_9378721
942 _h"X9(J:24):3.2.N59t, K0"
_cCC
999 _c696966
_d696966